000 00975nam a2200265Ia 4500
003 OSt
005 20221005110108.0
006 a|||||r|||| 00| 0
007 ta
008 221004b |||||||| |||| 00| 0 hin d
020 _a8126019123 (pbk)
_c25
024 _a95547
037 _b542, 19/03/2009, Vani Prakashan
_cTextual
040 _aCRL
_cCRL
_bhin
041 _2hin
_ahin
082 _aO152xN17:g, P4
100 _aउपाध्याय, राजेन्द्र
245 0 _aप्रभाकर माचवे
246 _aPrabhākar māchave
260 _aनई दिल्ली
_bसाहित्य अकादेमी भारत
_c2004
300 _a127पृ0
_ccm.
490 _aभारतीय साहित्य के निर्माता
942 _hO152xN17:g, P4
_cTEXL
_2cc
999 _c1017778
_d1017778